Online reklama a konkurencieschopnosť na trhu

Tri veľké éry reklamy. Ekonomická funkcia reklamy. Online reklama - reklama na internete. Online reklama v praxi. Online reklama sa stala neodmysliteľnou súčasťou obchodného sveta, jej význam rastie každým dňom.

Gespeichert in:
Bibliographische Detailangaben
1. Verfasser: Szivósová, Mária, 1958-
Format: Buchkapitel
Sprache:Slowakisch
Schlagworte:
Tags: Tag hinzufügen
Keine Tags, Fügen Sie das erste Tag hinzu!

MARC

LEADER 00000nla$a2200000$$$4500
001 0147246
005 20240502072647.7
041 0 |a slo 
044 |a SK 
245 1 0 |a Online reklama a konkurencieschopnosť na trhu  |c Mária Szivósová 
520 |a Tri veľké éry reklamy. Ekonomická funkcia reklamy. Online reklama - reklama na internete. Online reklama v praxi. Online reklama sa stala neodmysliteľnou súčasťou obchodného sveta, jej význam rastie každým dňom. 
610 2 0 |a reklama 
610 2 0 |a história 
610 2 0 |a internet 
610 2 0 |a obchod 
100 1 |a Szivósová, Mária, 1958-